Normal view
MARC view
- ,Lipsman L.Ronald, Roseberg M. Jonathan
Entry Corporate Name
001 - CONTROL NUMBER
- control field: 122589
003 - CONTROL NUMBER IDENTIFIER
- control field: NUST
005 - DATE AND TIME OF LATEST TRANSACTION
- control field: 20240510184147.0
008 - FIXED-LENGTH DATA ELEMENTS
- fixed length control field: 240510|| aca||aabn | a|a d
040 ## - CATALOGING SOURCE
- Original cataloging agency: NUST
- Transcribing agency: NUST
110 ## - HEADING--CORPORATE NAME
- Corporate name or jurisdiction name as entry element: ,Lipsman L.Ronald, Roseberg M. Jonathan
670 ## - SOURCE DATA FOUND
- Source citation: Work cat.: (NUST)609042: Hunt R. Briar 122588, A Guide to MATLAB, 2001.
